02605nam a2200265Ia 450000500170000000800410001704000550005804100080011324500650012126000470018630000480023350510300028150803590131151102890167052000640195963000220202365000240204565000200206965000170208965000390210665000240214570000270216976500120219685601310220820150416151258.0130821s2003 xx a gs spa  aCo-BoUCMbspacAldrin Díaz (modificó)d[Nuevo]00aspa03aLa revolución de las ratascDirección Glen Morganh[DVD] a[Lugar desconocido]bNew Line Cinemac2003 a1 DVD (100 minutos)bImagen, sonido, color  aSINOPSIS: A sus treinta años, la vida se ha convertido en una auténtica trampa para Willard Stiles. Perseguido por el fantasma de su padre y atado psicológicamente a su madre, con quien convive en la imponente mansión de la familia, Willard sólo tiene un contacto superficial con la vida porque es incapaz de establecer una conexión con las personas que le rodean. Sólo conserva, gracias a su padre, su trabajo de administrativo en la empresa Martin-Stiles Manufacturing. Pero un día Willard descubre un vinculo muy extraño: el que tiene con las ratas que viven en el sótano de su casa. De repente Willard se da cuenta de que tiene amigos: centenares de ellos. El Sr. Martin contrata a una guapa trabajadora temporal Cathryn que supuestamente tiene que compensar la incompetencia de Willard. Cathryn se muestra comprensiva con Willard pero ni siquiera ella puede competir con la creciente importancia de Sócrates, Ben y el resto de la legión de ratas que ocupan el sótano de la casa de los Stiles. aCRÉDITOS: Dirección, Glen Morgan; Guión, Glen Morgan; basado en el libro 'Ratman's Notebook' de Stephen Gilbert; Producción, Glen Morgan y James Wong; Música, Shirley Walker; Fotografía, Robert McLachlan; Montaje, James Coblentz; Diseño de producción, Mark S. Freeborn; Dirección artística, Catherine Ircha; Vestuario, Gregory B. Mah. aCrispin Glover (Willard), R. Lee Ermey (Frank Martin), Laura Elena Harring (Cathryn), Jackie Burroughs (Sra. Stiles), Kim McKamy (Srta. Leach), William S. Taylor (Sr. Garter), Gus Lynch (George Foxx); Laara Sadiq (Janice), David Parker (Detective Boxer), Kristen Cole (Dr. Bludworth).0 aBasada en la novela "Ratman's Notebook" de Stephen Gilbert.0 aRatman's notebook04aCine de terrorvDVD04aEntretenimiento04aPsicología04aTrastornos de la personalidadvDVD04aVenganza en el cine1 aMorgan, Glenedirector0 tWillard04uhttps://youtu.be/h6PkdvT3LXczSiga este vínculo para ver el trailer.zTrailer tomado del canal Terror Land vía YouTube.com